Detalles MARC
| 000 -LIDER |
| fixed length control field |
00853nam a22002777a 4500 |
| 001 - NÚMERO DE CONTROL |
| Identificador de número de control |
00743 |
| 003 - IDENTIFICACDOR DE NÚMERO DE CONTROL |
| control field |
DO-SdBNP |
| 005 - DATE AND TIME OF LATEST TRANSACTION |
| control field |
20240415121800.0 |
| 007 - CAMPOS FIJOS DE DESCRIPCIÓN FÍSICA |
| fixed length control field |
00743 |
| 008 - ELEMENTOS DE LONGITUD FIJA |
| fixed length control field |
160708b2007ck ||| 00| 0 spa d |
| 020 ## - ISBN |
| International Standard Book Number |
9789587045697 |
| 040 ## - FUENTE DE CATALOGACIÓN |
| Agencia que crea de manera original el registro |
BPMSU |
| Idioma de catalogación |
spa |
| Agencia que realiza la transcripción |
BPMSU |
| 082 #4 - NÚMERO DE CLASIFICACIÓN DECIMAL DE DEWEY |
| Classification number |
823.8 |
| Item number |
C754A 2007 |
| Edition number |
22 |
| 100 1# - ASIENTO PRINCIPAL -- NOMBRE PERSONAL |
| Nombre personal |
Conrad, Joseph |
| Mención de responsabilidad |
1857-1924. |
| 245 10 - MENCIÓN DE TITULO |
| Título |
Amy Foster y otros relatos del mar / |
| Mención de responsabilidad |
Joseph Conrad ; traducción y prólogo Hernando Valencia Goelkel |
| 260 ## - PUBLICACIÓN, DISTRIBUCIÓN, ETC. (PIE DE IMPRENTA) |
| Lugar de publicación, distribución, etc |
Bogotá, Colombia : |
| Nombre del editor, distribuidor, etc. |
Editora Aguilar, |
| Fecha de publicación, distribución, etc |
2007. |
| 300 ## - DESCRIPCIÓN FÍSICA |
| Extensión |
180 p. : |
| Dimensiones |
20 cm. |
| 490 0# - MENCIÓN DE SERIES |
| Mención de serie |
Punto de lectura, |
| Volume/sequential designation |
219 |
| 590 ## - NOTA LOCAL |
| Texto de la nota local |
Inventariado, 2024/VM |
| 650 #4 - ENCABEZAMIENTO DE MATERIA--TEMÁTICO |
| Término temático o nombre geográfico como elemento de entrada |
Cuentos ingleses |
| 650 #4 - ENCABEZAMIENTO DE MATERIA--TEMÁTICO |
| Término temático o nombre geográfico como elemento de entrada |
|
| 700 1# - ASIENTO SECUNDARIO -- NOMBRE PERSONAL |
| Nombre personal |
Valencia Goelkel, Hernando, |
| Fechas asociadas con el nombre |
1928-2004. |
| Mención de responsabilidad |
pról. |
| 830 #4 - ASIENTO SECUNDARIO DE SERIE--TÍTULO UNIFORME |
| Título uniforme |
Punto de lectura |
| Número de la parte o sección de una obra |
219 |
| 910 ## - VALIDACIÓN |
| Validación |
VMateo V. Control de calidad. BPMSU |
| 942 ## - ADDED ENTRY ELEMENTS (KOHA) |
| Source of classification or shelving scheme |
Dewey Decimal Classification |
| Koha item type |
Libros |